Normal view
MARC view
- الجمعية الاردنية لمكافحة التصحر وتنمية البادية
Entry Personal Name
001 - CONTROL NUMBER
- control field: 56345
003 - CONTROL NUMBER IDENTIFIER
- control field: JO-AjAnu
005 - DATE AND TIME OF LATEST TRANSACTION
- control field: 20230606083232.0
008 - FIXED-LENGTH DATA ELEMENTS
- fixed length control field: 230606|| aca||aabn | a|a d
040 ## - CATALOGING SOURCE
- Original cataloging agency: JO-AjAnu
- Transcribing agency: JO-AjAnu
100 ## - HEADING--PERSONAL NAME
- Personal name: الجمعية الاردنية لمكافحة التصحر وتنمية البادية
670 ## - SOURCE DATA FOUND
- Source citation: Work cat.: (JO-AjAnu)28753: الجمعية الاردنية لمكافحة التصحر وتنمية البادية, author, اليوم العلمي : الاستراتيجية الوطنية للتنمية الزراعية 17/3/2003